Liberalising european markets for energy and telecommunications some lessons from the U.S. electric utility industry
Salvato in:
| Autore principale: | |
|---|---|
| Altri autori: | |
| Natura: | Libro |
| Lingua: | inglese |
| Pubblicazione: |
Bonn
Zentrum für Europäische Integrationsforschung
1997
|
| Serie: | Policy paper
B97-03 |
| Soggetti: | |
| Tags: |
Nessun Tag, puoi essere il primo ad aggiungerne!!
|
MARC
| LEADER | 00000nam a2200000 4500 | ||
|---|---|---|---|
| 001 | c132440 | ||
| 005 | 20221124073623.6 | ||
| 041 | 0 | |a eng | |
| 044 | |a DE | ||
| 245 | 1 | 0 | |a Liberalising european markets for energy and telecommunications |b some lessons from the U.S. electric utility industry |c Thomas P. Lyon, John W. Mayo |
| 264 | 1 | |a Bonn |b Zentrum für Europäische Integrationsforschung |c 1997 | |
| 300 | |a 38 s. | ||
| 490 | 1 | |a Policy paper |v B97-03 | |
| 830 | 0 | |a Policy paper |v B97-03 | |
| 610 | 2 | 0 | |a trh |
| 610 | 2 | 0 | |a energia |
| 610 | 2 | 0 | |a energetika |
| 610 | 2 | 0 | |a telekomunikácie |
| 610 | 2 | 0 | |a elektrina |
| 610 | 2 | 0 | |a priemysel |
| 610 | 2 | 0 | |a liberalizácia |
| 610 | 2 | 0 | |a Európa |
| 610 | 2 | 0 | |a USA |
| 100 | 1 | |a Lyon, Thomas P. | |
| 700 | 1 | |a Mayo, John W. | |